000
00322nam a22001457a 4500
008
181122b xxu||||| |||| 00| 0 eng d
020
_a
0721641032
041
_a
eng
080
_2
2nd
_a
591
082
_a
591
100
_a
7
101
_a
ZOO
245
_a
Parasitology for veterinarians
_c
Georgi.J.R
942
_2
udc
_c
BK
999
_c
52374
_d
52374